000 00330nam a2200133 4500
003 IeDuTC
005 20181127164009.0
008 960108s1995 enk 000 1 eng
020 _a0671718843
100 1 _aMcClure, Ken.
245 1 0 _aTrauma /
_cKen McClure.
260 _aLondon :
_bPocket Books,
_c1996.
300 _a375 p. ;
_c18 cm.
999 _c1362
_d1362